000 00502nam a2200181Ia 4500
003 GCL
008 140319s9999 xx 000 0 eng d
040 _aGCL /
_cGCL
082 0 4 _a510
_bM D
100 1 _aRALSTON,ANTHONY
245 1 0 _aDISCRETE ALGORITHMIC MATHEMATICS /
_cRALSTON,ANTHONY
700 1 _aMAURER, STEPHEN B.
260 _a[S.N] :
_bADDISON - WESLEY PUBLISHING COMPANY ،
_c1991
300 _a114 P
650 0 4 _aELECTRONIC DATA PROCESSING
650 0 4 _aMATHEMATICS
942 _2ddc
_cBK
999 _c23708
_d23708